| 000 | 01304nam a22002655a 4500 | ||
|---|---|---|---|
| 003 | OSt | ||
| 005 | 20170311133336.0 | ||
| 008 | 170309s2006 ua frb 000 0 ara d | ||
| 015 | _a2005 / 22113 | ||
| 040 |
_aEG-ScBUE _bara _cEG-ScBUE |
||
| 043 | _af-ua--- | ||
| 082 | 0 | 4 |
_a346.62072 _bأ ب و _222 |
| 100 | 1 | _aأبو قرين، أحمد عبد العال. | |
| 245 | 1 | 0 |
_aعقد البيع : _bفي ضوء الفقه والتشريع وأحكام القضاء / _cأحمد عبد العال أبو قرين. |
| 250 | _aط. 3. | ||
| 260 |
_aالقاهرة : _bدار النهضة العربية، _c2006. |
||
| 300 |
_a659 ص. ؛ _c24 سم. |
||
| 504 | _aيشتمل على إرجاعات ببليوجرافية. | ||
| 505 | 0 | _aإبرام عقد البيع - الوعد بالبيع - البيع الابتدائي - اتفاق المبادئ - التبايع بطريق النيابة - البيوع الموصوفة - شرط العلم الكافي بالمبيع ... - الإذدواجية والتداخل بين الدعاوي المرتبطة بعقد البيع. | |
| 650 | 7 |
_aعقود البيع _xقوانين وتشريعات _zمصر. _2BUEsh _940965 |
|
| 650 | 7 |
_aعقود البيع (فقه إسلامي) _2BUEsh |
|
| 651 | _2BUEsh | ||
| 653 |
_bLLAAWW _cMarch2017 |
||
| 942 | _2ddc | ||
| 999 |
_c24378 _d24350 |
||